Name songs from my kpop playlist - Statistics

General Stats
  • This quiz has been taken 89 times
  • The average score is 20 of 151
Answer Stats
Hint Answer % Correct
EXO Love Shot
68%
BIGBANG Bang Bang Bang
60%
BTS Dynamite
49%
BLACKPINK Boombayah
48%
LISA MONEY
48%
BIGBANG | EXO Monster
48%
JENNIE SOLO
48%
STRAY KIDS Gods Menu
47%
NEW JEANS Super Shy
47%
2NE1 I am the best
40%
BLACKPINK As if it's your last
37%
BLACKPINK How you like that
36%
ITZY Dalla Dalla
33%
BTS Fire
33%
WINNER Really Really
33%
KAI Rover
33%
BTS Boy With Luv
32%
Weeekly After School
29%
EXO KoKoBop
29%
INFINITE Bad
28%
EXO Call Me Baby
28%
BTS Fake Love
28%
BTS Idol
28%
BTS DNA
27%
GOT7 Just Right
25%
PENTAGON SHINE
25%
BIGBANG Bad Boy
24%
TXT Crown
24%
IKON Love Scenario
24%
SUPER JUNIOR Sorry Sorry
24%
EXO The Eve
24%
BTS Boy in luv
23%
ENHYPEN Drunk Dazed
23%
EXO Growl
23%
2PM My House
23%
SHINEE Replay
23%
INFINITE The Eye
23%
TWICE What is Love
23%
TAEYANG Eyes Nose Lips
21%
SHINEE Ring Ding Dong
21%
TROUBLEMAKER Trouble maker
21%
TEENTOP Crazy
20%
SHINEE Sherlock
20%
INFINITE Back
19%
BTS Blood Sweat and Tears
19%
BLOCK B HER
19%
EXO LOTTO
19%
SHINEE LUCIFER
19%
BIGBANG Blue
17%
RED VELVET Happiness
17%
BIGBANG LOSER
17%
TXT Loser = Lover
17%
EXO Power
17%
SUPER JUNIOR Mr Simple
16%
BEAST Beautiful
15%
MONSTA X HERO
15%
2NE1 Come back home
12%
PENTAGON Daisy
12%
BEAST FICTION
12%
2PM Hands up
12%
GOT7 Lullaby
12%
SHINEE View
12%
VIXX Chained up
11%
NMIXX Dash
11%
JEONG SEWOON Roller Coaster
11%
NU'EST FACE
9%
RED VELVET Ice cream cake
9%
APINK NoNoNo
9%
MONSTA X Dramarama
8%
WINNER Everyday
8%
2PM Heartbeat
8%
GOT7 If you do
8%
NCT 127 Simon Says
8%
G-DRAGON CROOKED
7%
KARD Don't Recall
7%
BIGBANG FXXK IT
7%
TWICE Look at Me
7%
BTS Pied Piper
7%
EXO Tempo
7%
ATEEZ Answer
5%
VIXX Error
5%
A.C.E Goblin
5%
AILEE Heaven
5%
APINK I'm so sick
5%
SUPER JUNIOR MANGO
5%
TVXQ MIROTIC
5%
GOT7 Never ever
5%
THE BOYZ No Air
5%
B.A.P One Shot
5%
H.I.N.P Rumor
5%
BEAST SHOCK
5%
SHAUN Way back home
5%
INFINITE Be Mine
4%
TEENTOP Clap
4%
WINNER FOOL
4%
WINNER Island
4%
INFINITE Paradise
4%
TEENTOP ROCKING
4%
SUNMI SIREN
4%
WINNER SOSO
4%
A.C.E Undercover
4%
VIXX VoodooDoll
4%
BTOB WOW
4%
SHINEE Everybody
3%
EXO History
3%
WINNER Love me Love me
3%
INFINITE Man In Love
3%
WINNER Millions
3%
KARD Oh NaNa
3%
TAEYANG RINGA LINGA
3%
VIXX Shangri-La
3%
SHINHWA This Love
3%
BLOCK B Toy
3%
HENRY TRAP
3%
TAEYANG Wedding Dress
3%
UKISS 0330
1%
B.A.P 1004
1%
TEENTOP ah ah
1%
VIXX Amnesia
1%
MINO BODY
1%
WINNER Empty
1%
VIXX Eternity
1%
VIXX Fantasy
1%
MINO Fiance
1%
VIXX Hyde
1%
2PM I'll be back
1%
BOYFRIEND JANUS
1%
BIGBANG Let's not fall in love
1%
CNBLUE Loner
1%
CNBLUE Love Girl
1%
APINK Luv
1%
TEENTOP Miss Right
1%
TEENTOP No more perfume on you
1%
SUPER JUNIOR No Other
1%
VIXX On & On
1%
BEAST On Rainy Days
1%
CROSS GENE Play with me
1%
VIXX Scentist
1%
INFINITE The Chaser
1%
SHINEE The Feeling
1%
MBLAQ This is war
1%
TEENTOP To You
1%
B.A.P Wake me up
1%
MONSTA X Who do u love?
1%
C-CLOWN Far away
0%
VIXX GR8U
0%
VIXX Rock ur Body
0%
BIGBANG Still life
0%
GOT7 Sunrise
0%
G-DRAGON That XX
0%
No matching quizzes found
Score Distribution
Percent of People with Each Score
Percentile by Number Answered
Your Score History
You have not taken this quiz